MARC

LEADER 00000nam0a2200000 4500
001 196757
005 20231031183244.0
010 |a 5286006965 
035 |a (RuTPU)RU\TPU\book\214636 
090 |a 196757 
100 |a 20110528d1990 k y0rusy50 ca 
101 0 |a rus 
102 |a RU 
105 |a a z 001zy 
200 1 |a Вопросы государственного водного кадастра и методы автоматизированной обработки гидрологических данных  |f СССР, Государственный комитет по гидрометеорологии и контролю природной среды (Госкомгидромет СССР) ; Государственный гидрологический институт (ГГИ) ; под ред. Р. Д. Курдина, И. В. Некрасовой 
210 |a Ленинград  |c Гидрометеоиздат  |d 1990 
215 |a 181 с.  |c ил. 
225 1 |a Труды Государственного гидрологического института  |v Вып. 342 
320 |a Библиогр. в конце ст. 
610 1 |a гидрология 
610 1 |a гидрологические наблюдения 
610 1 |a контроль 
610 1 |a обработка данных 
610 1 |a автоматизированные информационные системы 
610 1 |a государственный водный кадастр 
610 1 |a США 
610 1 |a Канада 
675 |a 556.04  |v 3 
702 1 |a Курдин  |b Р. Д.  |4 340 
702 1 |a Некрасова  |b И. В.  |4 340 
712 0 1 |a СССР  |b Государственный комитет по гидрометеорологии и контролю природной среды (Госкомгидромет СССР)  |c (Москва)  |c (1978-1991)  |2 stltpush  |3 (RuTPU)RU\TPU\col\11538 
712 0 2 |a Государственный гидрологический институт (ГГИ)  |c (Санкт-Петербург)  |2 stltpush  |3 (RuTPU)RU\TPU\col\7764 
801 1 |a RU  |b 63413507  |c 20110528 
801 2 |a RU  |b 63413507  |c 20110609  |g RCR 
942 |c BK